000 00850cab a2200253 4500
001 WB3341-06
008 090401t1997 xxu||||| |||| 00| 0 eng d
035 _a(Sirsi) u81598
041 _aeng
245 _aTurn it down
260 _c1997
350 _a0
490 _aIndependent on Sunday
_v19 October 1997, 14(1)
520 _aNoise complaints to local authorities have risen by 24 per cent during 1995/96, according to the Chartered Institute of Environmental Health, prompting the use of `discontinuous construction` for greater sound proofing.
650 _aDISCONTINUOUS CONSTRUCTION
650 _aNOISE LEVELS
650 _aNOISE POLLUTION
650 _aNOISY NEIGHBOURS
650 _aParty walls
_96258
650 _aSOUND INSULATION
690 _aBUILT ENVIRONMENT-CONSTRUCTION DESIGN
942 _n0
948 _c22/10/1997
999 _c51423
_d51423